[Event "Washington Open"]
[Site "Chess.com"]
[Date "2020.05.25"]
[Round "?"]
[White "Wang, Felicity"]
[Black "Semenov, Fedya"]
[Result "1-0"]
[WhiteElo "1667"]
[BlackElo "1803"]
[PlyCount "133"]
[EventDate "2020.??.??"]

1. e4 e6 2. d4 d5 3. Nc3 Bb4 4. exd5 exd5 5. Bd3 Nf6 6. Nge2 O-O 7. O-O Nc6 8.
a3 Bd6 9. f3 a6 10. Bg5 Be6 11. Qe1 h6 12. Be3 Ne7 13. Ng3 Qd7 14. Qd2 Nf5 15.
Nxf5 Bxf5 16. Rae1 Rfe8 17. Ne2 Re7 18. Ng3 Bxg3 19. hxg3 Rae8 20. Kf2 Bxd3 21.
Qxd3 Nh7 22. Rh1 Ng5 23. Rh5 c5 24. dxc5 d4 25. Bd2 Rxe1 26. Bxe1 Re3 27. Qc4
Qf5 28. Qxd4 Rxf3+ 29. gxf3 Qxf3+ 30. Kg1 Qxh5 31. Qd8+ Kh7 32. Qd3+ g6 33. b4
Nf3+ 34. Kf2 Ne5 35. Qe4 Ng4+ 36. Kf1 Ne5 37. Kg2 Nc6 38. c4 Qe5 39. Qd5 Kg8
40. Bf2 Kf8 41. b5 axb5 42. Qxe5 Nxe5 43. cxb5 Ke7 44. Bd4 Nc4 45. a4 Ke6 46.
Kf3 Kd5 47. Bf2 f5 48. Kf4 Nb2 49. c6 bxc6 50. b6 Kd6 51. Bd4 Nxa4 52. Be5+ Ke6
53. b7 Nc5 54. b8=Q Nd3+ 55. Ke3 Nxe5 56. Qe8+ Kf6 57. Qd8+ Ke6 58. Qc8+ Kf6
59. Qc7 Ke6 60. Kd4 Nf3+ 61. Kc5 Ng5 62. Qxc6+ Kf7 63. Qd7+ Kf6 64. Kd5 Ne4 65.
Qe6+ Kg5 66. Qe7+ Kh5 67. Qh4# 1-0

[Event "Washington Open"]
[Site "Chess.com"]
[Date "2020.05.25"]
[Round "?"]
[White "Tien, Sophie"]
[Black "Wang, Felicity"]
[Result "1-0"]
[WhiteElo "1916"]
[BlackElo "1667"]
[PlyCount "97"]
[EventDate "2020.??.??"]

1. e4 e5 2. Nf3 Nc6 3. Bc4 Bc5 4. c3 Nf6 5. d3 d6 6. h3 a6 7. Bb3 Ba7 8. Nbd2
h6 9. Nf1 Be6 10. Ng3 d5 11. Qe2 O-O 12. O-O Re8 13. Re1 Qd6 14. Nh4 Qd7 15.
Qf3 Kh7 16. Nhf5 Qd8 17. Bc2 dxe4 18. dxe4 Bc5 19. Rd1 Nd7 20. Be3 Bf8 21. Bb3
Bxb3 22. axb3 Re6 23. Nxh6 Rf6 24. Qg4 Re6 25. Nxf7 Qe8 26. Ng5+ Kg8 27. Qxe6+
Qxe6 28. Nxe6 Nf6 29. Nxf8 Kxf8 30. Bg5 Nh7 31. h4 Rc8 32. Rd7 Nxg5 33. hxg5
Nb8 34. Rd3 Ke7 35. Rad1 Re8 36. Nf5+ Kf7 37. Rd8 g6 38. Rxe8 Kxe8 39. Nh4 Kf7
40. Rd8 Nc6 41. Rd7+ Ke8 42. Rxc7 Nd8 43. Nxg6 Nc6 44. Rxb7 Na5 45. Re7+ Kd8
46. Rxe5 Nxb3 47. Nf8 Kc7 48. g6 Kd6 49. Re8 1-0

[Event "Washington Open"]
[Site "Chess.com"]
[Date "2020.05.23"]
[Round "?"]
[White "Chen, Minda"]
[Black "Patick, Sterling"]
[Result "1-0"]
[WhiteElo "1966"]
[BlackElo "1663"]
[PlyCount "45"]
[EventDate "2020.??.??"]

1. d4 Nf6 2. c4 e6 3. Nc3 Be7 4. Nf3 d5 5. Bf4 c6 6. e3 O-O 7. h3 dxc4 8. Bxc4
Nd5 9. Bh2 Bb4 10. Qc2 Qa5 11. Rc1 Nd7 12. O-O Bxc3 13. bxc3 N7f6 14. Bd3 Bd7
15. e4 Ne7 16. e5 Nfd5 17. Bxh7+ Kh8 18. Bd3 c5 19. Ng5 f6 20. Qe2 fxg5 21.
Qh5+ Kg8 22. Bh7+ Kh8 23. Bg6+ 1-0

[Event "Washington Open"]
[Site "Chess.com"]
[Date "2020.05.23"]
[Round "?"]
[White "Patick, Sterling"]
[Black "Shubin, Daniel"]
[Result "0-1"]
[WhiteElo "1663"]
[BlackElo "2161"]
[PlyCount "85"]
[EventDate "2020.??.??"]

1. e4 e6 2. d4 d5 3. exd5 exd5 4. Bd3 Nc6 5. Ne2 Bd6 6. O-O Nge7 7. c3 Bf5 8.
Re1 O-O 9. Bf4 Re8 10. Qc2 Bxd3 11. Qxd3 Ng6 12. Bg3 Re6 13. Nd2 Qe7 14. f4 Re8
15. Kf1 Re3 16. Qb5 a6 17. Qxb7 Nd8 18. Qxa6 Nh4 19. Ng1 Nf5 20. Bf2 Bxf4 21.
Ngf3 Re6 22. Qd3 Qf6 23. a4 g5 24. a5 g4 25. Ne5 Qg5 26. Ndf3 gxf3 27. Nxf3 Qg6
28. Kg1 Qg4 29. h3 Rxe1+ 30. Rxe1 Rxe1+ 31. Bxe1 Qg6 32. a6 Be3+ 33. Bf2 Bxf2+
34. Kxf2 Qg3+ 35. Kf1 Nh4 36. Ne5 Qxg2+ 37. Ke1 Ng6 38. a7 Nxe5 39. dxe5 Qg1+
40. Kd2 Qxa7 41. Qg3+ Kf8 42. h4 Ne6 43. h5 0-1

[Event "Washington Open"]
[Site "Chess.com"]
[Date "2020.05.23"]
[Round "?"]
[White "Zhao, Maxwell"]
[Black "Merwin, Steven"]
[Result "0-1"]
[WhiteElo "1628"]
[BlackElo "1959"]
[PlyCount "70"]
[EventDate "2020.??.??"]

1. e4 d5 2. exd5 Nf6 3. d4 Bg4 4. Bb5+ Nbd7 5. Be2 Bxe2 6. Qxe2 Nxd5 7. c4 N5f6
8. Nf3 e6 9. O-O Be7 10. Nc3 O-O 11. h3 Re8 12. Bf4 c6 13. Rad1 Qa5 14. Qc2 Qh5
15. Rfe1 Rac8 16. Ne5 g5 17. Bg3 Rcd8 18. a3 Nxe5 19. dxe5 Nd7 20. Ne4 Qg6 21.
Qc3 Nc5 22. Nxc5 Bxc5 23. b4 Be7 24. Kf1 g4 25. hxg4 Qxg4 26. Qc2 h5 27. Qe2
Qf5 28. Qe3 h4 29. Bf4 Qg4 30. f3 Qf5 31. Kf2 a5 32. bxa5 h3 33. gxh3 Bh4+ 34.
Bg3 Qc2+ 35. Qe2 Bxg3+ 0-1

[Event "Washington Open"]
[Site "Chess.com"]
[Date "2020.05.23"]
[Round "?"]
[White "Ackerman, Ryan"]
[Black "Zhao, Maxwell"]
[Result "1-0"]
[WhiteElo "1922"]
[BlackElo "1628"]
[PlyCount "69"]
[EventDate "2020.??.??"]

1. d4 d5 2. c4 e6 3. Nc3 Nf6 4. cxd5 exd5 5. Bg5 Nbd7 6. e3 c6 7. Bd3 Be7 8.
Qc2 O-O 9. Nge2 Re8 10. f3 Nf8 11. e4 dxe4 12. fxe4 Ng4 13. Bxe7 Qxe7 14. Qd2
c5 15. Nd5 Qd6 16. h3 Nh6 17. dxc5 Qc6 18. O-O-O Qxc5+ 19. Kb1 Ne6 20. g4 f6
21. Rc1 Qd6 22. Bc4 Nf7 23. h4 Nc5 24. Nxf6+ Qxf6 25. Rhf1 Nxe4 26. Qc2 Nf2 27.
Nf4 Rf8 28. Rxf2 Qxh4 29. Bxf7+ Rxf7 30. Qxc8+ Rxc8 31. Rxc8+ Rf8 32. Rxf8+
Kxf8 33. Ng6+ Ke8 34. Nxh4 Ke7 35. Kc2 1-0

[Event "Washington Open"]
[Site "Chess.com"]
[Date "2020.05.24"]
[Round "?"]
[White "Lavoice, Richard"]
[Black "Zhao, Maxwell"]
[Result "0-1"]
[WhiteElo "1911"]
[BlackElo "1628"]
[PlyCount "52"]
[EventDate "2020.??.??"]

1. f4 d5 2. Nf3 Nf6 3. e3 Bf5 4. b3 e6 5. Bb2 c6 6. Be2 Be7 7. O-O O-O 8. Nh4
Be4 9. d3 Bg6 10. Nxg6 hxg6 11. g4 Nbd7 12. g5 Ne8 13. d4 Nd6 14. Bd3 c5 15.
Rf3 c4 16. bxc4 dxc4 17. Bf1 Rc8 18. Rh3 f6 19. Qg4 f5 20. Qh4 Kf7 21. d5 exd5
22. Bxg7 Rg8 23. Bd4 Bf8 24. Bg2 Ne4 25. Qh7+ Bg7 26. Rh6 Nf8 0-1

[Event "Washington Open"]
[Site "Chess.com"]
[Date "2020.05.25"]
[Round "?"]
[White "Zhao, Maxwell"]
[Black "Qian, Daniel"]
[Result "1-0"]
[WhiteElo "1628"]
[BlackElo "1886"]
[PlyCount "81"]
[EventDate "2020.??.??"]

1. e4 d6 2. d4 Nf6 3. Nc3 g6 4. g3 Bg7 5. Bg2 O-O 6. Nge2 Nbd7 7. O-O c6 8. h3
Qc7 9. Be3 b6 10. Qd2 Bb7 11. f4 e5 12. f5 exd4 13. Nxd4 a6 14. Bh6 c5 15. Nde2
Rae8 16. Bf4 Ne5 17. b3 Rd8 18. Rad1 Rfe8 19. g4 Rd7 20. g5 Nh5 21. h4 b5 22.
Ng3 Nxf4 23. Qxf4 c4 24. Nd5 Bxd5 25. Rxd5 cxb3 26. cxb3 Qb6+ 27. Kh1 Rc8 28.
f6 Bf8 29. Bh3 Rc5 30. Bxd7 Rxd5 31. exd5 Nxd7 32. Qf2 Qb7 33. Qd4 Ne5 34. Kg2
h6 35. Rc1 h5 36. Rc2 Kh7 37. Qe4 Kg8 38. Ne2 Qb6 39. Nd4 Ng4 40. Rc8 Qa5 41.
Rxf8+ 1-0

[Event "Washington Open"]
[Site "Chess.com"]
[Date "2020.05.25"]
[Round "?"]
[White "Kuhner, Mary"]
[Black "Zhao, Maxwell"]
[Result "1/2-1/2"]
[WhiteElo "1878"]
[BlackElo "1628"]
[PlyCount "193"]
[EventDate "2020.??.??"]

1. e4 e5 2. Nf3 Nc6 3. Bc4 Bc5 4. c3 Nf6 5. d3 O-O 6. Bg5 Be7 7. Nbd2 d6 8. Bb3
h6 9. Bh4 Be6 10. O-O Qd7 11. Re1 Rad8 12. d4 Bg4 13. d5 Nb8 14. Bc2 c6 15. c4
Nxd5 16. cxd5 Bxh4 17. dxc6 bxc6 18. Ba4 Bf6 19. Rc1 Qb7 20. Qc2 c5 21. Re3 Nc6
22. Bxc6 Qxc6 23. Ra3 Qb7 24. Nc4 Rd7 25. Rd1 Rfd8 26. Ne3 Be6 27. Nd5 Be7 28.
Nxe7+ Rxe7 29. Nxe5 Bxa2 30. Rxa2 Rxe5 31. f3 Rd7 32. Ra3 Qb4 33. Rb3 Qa5 34.
Ra3 Qc7 35. Rda1 Qb8 36. Rb3 Rb7 37. Rxb7 Qxb7 38. Qc3 Re7 39. Rd1 Qc6 40. h3
Qb6 41. Kh1 a5 42. Qd2 Rd7 43. Ra1 Ra7 44. Rd1 Ra6 45. Qc2 Qb4 46. e5 Qf4 47.
Qe2 Rb6 48. e6 fxe6 49. Qxe6+ Qf7 50. Qe4 Rb4 51. Qa8+ Qf8 52. Qd5+ Kh8 53. Re1
Rxb2 54. Qc6 Qf4 55. Qd5 Rb8 56. Qc6 Kh7 57. Qc7 Rb5 58. Qc6 Rb2 59. Qa8 a4 60.
Qa6 Qd4 61. Qc8 Qd3 62. Qg4 Rb1 63. Rxb1 Qxb1+ 64. Kh2 a3 65. f4 a2 66. f5 g5
67. fxg6+ Qxg6 68. Qd7+ Qg7 69. Qf5+ Kh8 70. Qc8+ Qg8 71. Qa6 Qg7 72. Qxa2 Qe5+
73. Kh1 d5 74. Qa8+ Kg7 75. Qa7+ Kf6 76. Qxc5 Qe1+ 77. Kh2 Qe5+ 78. Kh1 d4 79.
Qf8+ Ke6 80. Qxh6+ Kd5 81. Qa6 Qe3 82. Qb7+ Ke5 83. Qe7+ Kf4 84. Qh4+ Ke5 85.
Qe7+ Kd5 86. Qb7+ Kc4 87. Qa6+ Kc3 88. Qa3+ Kd2 89. Qb2+ Ke1 90. Qb1+ Kf2 91.
Qf5+ Ke2 92. Qc2+ Qd2 93. Qe4+ Qe3 94. Qc2+ Ke1 95. Qb1+ Kf2 96. Qf5+ Ke2 97.
Qc2+ 1/2-1/2

[Event "Washington Open"]
[Site "Chess.com"]
[Date "2020.05.23"]
[Round "?"]
[White "Moore, Michael"]
[Black "Seshadri, Sridhar"]
[Result "1-0"]
[WhiteElo "1950"]
[BlackElo "1626"]
[PlyCount "73"]
[EventDate "2020.??.??"]

1. d4 Nf6 2. c4 g6 3. Nc3 Bg7 4. e4 d6 5. h3 Nbd7 6. Be3 b6 7. Bd3 Bb7 8. Qd2
c5 9. d5 Ne5 10. Be2 Ba6 11. b3 h5 12. Rc1 Nh7 13. f4 Nd7 14. Nf3 Bh6 15. O-O
Qc7 16. e5 O-O-O 17. e6 fxe6 18. dxe6 Ndf6 19. Ng5 Rdf8 20. Nf7 Rhg8 21. Nxh6
Rg7 22. Nf7 Kb8 23. f5 gxf5 24. Bh6 Rfg8 25. Bxg7 Rxg7 26. Bf3 Bb7 27. Nb5 Qc8
28. Nfxd6 Qg8 29. Nxb7 Ng5 30. Qf4+ Ka8 31. Nc7+ Kb8 32. Na6+ Ka8 33. Nd8+
Nxf3+ 34. Qxf3+ Ne4 35. Rc2 Rg3 36. Qxf5 Ng5 37. Qd5# 1-0

[Event "Washington Open"]
[Site "Chess.com"]
[Date "2020.05.23"]
[Round "?"]
[White "Seshadri, Sridhar"]
[Black "McNall, Kent"]
[Result "0-1"]
[WhiteElo "1626"]
[BlackElo "1867"]
[PlyCount "82"]
[EventDate "2020.??.??"]

1. c4 g6 2. Nc3 Bg7 3. Nf3 Nf6 4. g3 c6 5. Bg2 d6 6. d4 O-O 7. O-O Nbd7 8. Bf4
Nh5 9. Be3 e5 10. dxe5 dxe5 11. Qc2 f5 12. Rad1 Qe7 13. b4 Qxb4 14. Na4 Qa5 15.
Bd2 Qc7 16. c5 h6 17. Qb3+ Kh7 18. Bc3 b5 19. cxb6 axb6 20. Nb2 Nc5 21. Qb4 Ne4
22. Bxe5 c5 23. Bxc7 cxb4 24. Nc4 Rxa2 25. Nxb6 Nc3 26. Rde1 Ba6 27. Ra1 Nxe2+
28. Kh1 Rxa1 29. Rxa1 Bxa1 30. Be5 Bxe5 31. Nxe5 b3 32. Na4 b2 33. Nxb2 Rb8 34.
g4 Rxb2 35. Bf1 Bb7+ 36. f3 Nhf4 37. h4 Rb1 38. gxf5 Rxf1+ 39. Kh2 gxf5 40. h5
Kg7 41. Nc6 Rxf3 0-1

[Event "Washington Open"]
[Site "Chess.com"]
[Date "2020.05.24"]
[Round "?"]
[White "Seshadri, Sridhar"]
[Black "Tembhare, Santoshkumar"]
[Result "1-0"]
[WhiteElo "1626"]
[BlackElo "1684"]
[PlyCount "87"]
[EventDate "2020.??.??"]

1. d4 d5 2. Nf3 Nc6 3. Bf4 Nf6 4. h3 h6 5. e3 a6 6. Bd3 e6 7. c3 Bd6 8. Bxd6
Qxd6 9. Nbd2 b5 10. e4 dxe4 11. Nxe4 Nxe4 12. Bxe4 Rb8 13. O-O Bb7 14. b4 O-O
15. Re1 Ne7 16. Bxb7 Rxb7 17. Nd2 Nd5 18. Ne4 Qf4 19. Nc5 Ra7 20. Qd3 Qg5 21.
Re5 Qh4 22. Qf3 c6 23. a4 Rfa8 24. a5 Qf4 25. Qd3 Re8 26. g3 Qf6 27. Rae1 Kh8
28. R1e4 Qg6 29. Qf3 Kg8 30. Kh2 Qf6 31. Rf5 Qxf5 32. Qxf5 exf5 33. Rxe8+ Kh7
34. Rc8 Nxc3 35. Rxc6 Na2 36. Nxa6 Rd7 37. Rc2 Nxb4 38. Nxb4 Rxd4 39. Rb2 Kg8
40. a6 Rd8 41. a7 Ra8 42. Nc6 Kf8 43. Rxb5 Ke8 44. Rb8+ 1-0

[Event "Washington Open"]
[Site "Chess.com"]
[Date "2020.05.24"]
[Round "?"]
[White "Kuhner, Mary"]
[Black "Seshadri, Sridhar"]
[Result "1-0"]
[WhiteElo "1878"]
[BlackElo "1626"]
[PlyCount "71"]
[EventDate "2020.??.??"]

1. e4 Nf6 2. Nc3 e5 3. Nf3 d6 4. d4 exd4 5. Nxd4 Be7 6. Be2 O-O 7. O-O a6 8. f4
Nc6 9. Be3 Bd7 10. g4 Nxd4 11. Bxd4 Bc6 12. Bf3 d5 13. Bxf6 Bxf6 14. e5 Be7 15.
Bxd5 Bc5+ 16. Kg2 Qh4 17. Bxc6 bxc6 18. Qf3 Rad8 19. Rad1 Rxd1 20. Rxd1 h6 21.
Ne4 Bb6 22. c4 Rd8 23. Nf6+ gxf6 24. Rxd8+ Kg7 25. Qg3 Qxg3+ 26. Kxg3 fxe5 27.
fxe5 c5 28. Rd7 Kg6 29. Kf4 a5 30. h4 a4 31. h5+ Kg7 32. e6 Kf8 33. Rxf7+ Ke8
34. Kf5 Ba5 35. Rh7 c6 36. Rxh6 1-0

[Event "Washington Open"]
[Site "Chess.com"]
[Date "2020.05.25"]
[Round "?"]
[White "Seshadri, Sridhar"]
[Black "Lavoice, Richard"]
[Result "1-0"]
[WhiteElo "1626"]
[BlackElo "1911"]
[PlyCount "55"]
[EventDate "2020.??.??"]

1. b4 Nf6 2. Bb2 e6 3. a3 c5 4. c3 d5 5. g3 Bd7 6. Bg2 Qb6 7. Nf3 a5 8. O-O
axb4 9. cxb4 cxb4 10. Bxf6 gxf6 11. Qb3 Nc6 12. Qb2 Bg7 13. d4 O-O 14. e3 Ra6
15. Nbd2 Rfa8 16. axb4 Bf8 17. Rxa6 bxa6 18. e4 Qxb4 19. Qa2 dxe4 20. Nxe4 Kg7
21. d5 Ne7 22. Nxf6 Qd6 23. Qa1 e5 24. Nxd7 Qxd7 25. Nxe5 Qb5 26. Ng4+ Kg6 27.
Qf6+ Kh5 28. Ne5 1-0

[Event "Washington Open"]
[Site "Chess.com"]
[Date "2020.05.23"]
[Round "?"]
[White "Grigore, Audrey"]
[Black "Beck, Alec"]
[Result "0-1"]
[WhiteElo "1616"]
[BlackElo "1942"]
[PlyCount "98"]
[EventDate "2020.??.??"]

1. e4 c5 2. f4 Nc6 3. Nf3 g6 4. Nc3 Bg7 5. Be2 e6 6. d3 Nge7 7. O-O Nd4 8. Bd2
d6 9. Rc1 Bd7 10. Qe1 O-O 11. Nd1 d5 12. e5 Rc8 13. c3 Nxf3+ 14. Bxf3 Qa5 15.
Ra1 Qa6 16. d4 cxd4 17. cxd4 Bb5 18. Rf2 Nf5 19. Bc3 Ba4 20. Ne3 Nxe3 21. Qxe3
Bb5 22. Be2 Bxe2 23. Rxe2 Rc4 24. g4 Rfc8 25. f5 b5 26. a3 b4 27. Bxb4 Rxb4 28.
Rf1 Rxd4 29. Qxd4 Qxe2 30. fxe6 fxe6 31. Qb4 Bxe5 32. Rf2 Rc1+ 33. Kg2 Qe4+ 34.
Qxe4 dxe4 35. Re2 Rc4 36. h3 Kf7 37. Rf2+ Ke7 38. Rd2 e3 39. Re2 Bd4 40. Kf3 e5
41. b4 Rc3 42. a4 Rc4 43. Rb2 Bxb2 44. b5 Bc1 45. Ke2 Rc2+ 46. Kd3 e2 47. Kxc2
e1=Q 48. Kb1 Qd2 49. b6 Qb2# 0-1

[Event "Washington Open"]
[Site "Chess.com"]
[Date "2020.05.23"]
[Round "?"]
[White "Toppen-Ryan, Harrison"]
[Black "Grigore, Audrey"]
[Result "1-0"]
[WhiteElo "1771"]
[BlackElo "1616"]
[PlyCount "73"]
[EventDate "2020.??.??"]

1. d4 d5 2. c4 e6 3. Nf3 Nf6 4. g3 c5 5. cxd5 Nxd5 6. Bg2 Nc6 7. O-O Qb6 8. e4
Nf6 9. d5 exd5 10. exd5 Nd4 11. Re1+ Be7 12. Na3 Nxd5 13. Nxd4 cxd4 14. Bxd5
Qc5 15. Bg2 O-O 16. Bf4 Bd6 17. Rc1 Qb4 18. Bxd6 Qxd6 19. Nc4 Qf6 20. Qf3 Qg5
21. h4 Qg6 22. Qe4 Bf5 23. Qxd4 Rac8 24. Nd6 Rcd8 25. Rcd1 Rd7 26. Bxb7 Rfd8
27. Bc6 Rxd6 28. Qxd6 Qxd6 29. Rxd6 Rb8 30. Re8+ Rxe8 31. Bxe8 Kf8 32. Ba4 Ke7
33. Ra6 Be6 34. Rxa7+ Kf6 35. Bb3 Bxb3 36. axb3 Ke6 37. Rc7 1-0

[Event "Washington Open"]
[Site "Chess.com"]
[Date "2020.05.24"]
[Round "?"]
[White "Grigore, Audrey"]
[Black "Heath, Derek"]
[Result "1-0"]
[WhiteElo "1616"]
[BlackElo "1677"]
[PlyCount "61"]
[EventDate "2020.??.??"]

1. e4 d5 2. exd5 Nf6 3. Nc3 Nxd5 4. Nxd5 Qxd5 5. Nf3 Nc6 6. Be2 Bg4 7. O-O
O-O-O 8. d3 e6 9. Be3 Bd6 10. c4 Qa5 11. a3 Bxf3 12. Bxf3 Qe5 13. g3 Nd4 14.
Bg2 h5 15. b4 h4 16. c5 hxg3 17. Bxd4 gxf2+ 18. Rxf2 Qxh2+ 19. Kf1 Qh4 20. cxd6
Qxd4 21. dxc7 Rd7 22. Rc1 e5 23. Be4 Rh4 24. Qf3 Rxe4 25. Qxe4 Qb6 26. Qh7 Rxc7
27. Qg8+ Kd7 28. Rxf7+ Kd6 29. Qd8+ Ke6 30. Qxc7 Qd4 31. Qe7+ 1-0

[Event "Washington Open"]
[Site "Chess.com"]
[Date "2020.05.24"]
[Round "?"]
[White "Semenov, Fedya"]
[Black "Grigore, Audrey"]
[Result "1-0"]
[WhiteElo "1803"]
[BlackElo "1616"]
[PlyCount "61"]
[EventDate "2020.??.??"]

1. e4 e6 2. d4 d5 3. Nd2 Nf6 4. e5 Nfd7 5. Bd3 c5 6. c3 Nc6 7. Ne2 Be7 8. O-O
Qb6 9. Nf3 O-O 10. Ng3 f5 11. exf6 Nxf6 12. Rb1 Bd6 13. Bg5 e5 14. dxe5 Nxe5
15. Bxf6 Rxf6 16. Nxe5 Bxe5 17. Bxh7+ Kxh7 18. Qh5+ Kg8 19. Qe8+ Kh7 20. Qxe5
Be6 21. Nh5 Rg6 22. Nf4 Rh6 23. Nxe6 Qxe6 24. Rfe1 Qc6 25. Rbd1 Rd8 26. Qf5+
Kh8 27. Qg5 Rd7 28. Re8+ Kh7 29. Qf5+ Rg6 30. Rd3 d4 31. Rh3# 1-0

[Event "Washington Open"]
[Site "Chess.com"]
[Date "2020.05.25"]
[Round "?"]
[White "Grigore, Audrey"]
[Black "Seshadri, Sridhar"]
[Result "1-0"]
[WhiteElo "1616"]
[BlackElo "1626"]
[PlyCount "83"]
[EventDate "2020.??.??"]

1. e4 c5 2. Nc3 Nc6 3. f4 d6 4. Nf3 Nf6 5. Bc4 Bg4 6. d3 Nd4 7. Bb5+ Nd7 8. Be3
Nxb5 9. Nxb5 Qa5+ 10. Nc3 b5 11. O-O b4 12. Ne2 Nf6 13. Qe1 Bxf3 14. Rxf3 Ng4
15. Bd2 Qb6 16. Kh1 g6 17. Qg3 Nf6 18. Raf1 Bg7 19. f5 O-O-O 20. e5 Nh5 21. Qg4
Bxe5 22. fxg6+ Kb8 23. gxf7 Nf6 24. Qe6 h5 25. Qxe7 Nd5 26. Qe6 Nc7 27. Qg6 h4
28. f8=Q h3 29. Qxd8+ Rxd8 30. Rxh3 Qa5 31. Bf4 Qxa2 32. Bxe5 dxe5 33. Qf6 Re8
34. Rh8 Rxh8 35. Qxh8+ Kb7 36. Qxe5 Nd5 37. h3 Kc6 38. c4 Nb6 39. Qe6+ Kb7 40.
Rf7+ Ka6 41. Qc6 Qa4 42. Qb7+ 1-0

[Event "Washington Open"]
[Site "Chess.com"]
[Date "2020.05.25"]
[Round "?"]
[White "Bell, Harry"]
[Black "Grigore, Audrey"]
[Result "1-0"]
[WhiteElo "2000"]
[BlackElo "1616"]
[PlyCount "103"]
[EventDate "2020.??.??"]

1. Nf3 d5 2. d4 Bf5 3. Bf4 e6 4. e3 Nf6 5. c4 c5 6. Nc3 a6 7. Bd3 Bxd3 8. Qxd3
Nc6 9. O-O Be7 10. dxc5 Bxc5 11. Rfd1 dxc4 12. Qxc4 Qb6 13. Na4 Qb4 14. Qxc5
Qxa4 15. b3 Qe4 16. Rac1 Nd5 17. Bd6 f6 18. Rc4 Qg6 19. e4 Nde7 20. Qb6 Kf7 21.
Qxb7 Ra7 22. Qb6 Rd7 23. Rxc6 Nxc6 24. Qxc6 Rhd8 25. e5 Kg8 26. Rc1 h6 27. h3
Qh5 28. Kh2 fxe5 29. Bc7 Rxc7 30. Qxc7 Rf8 31. Qxe5 Qxe5+ 32. Nxe5 Rxf2 33. a4
Re2 34. Nc4 Kf7 35. Rc3 g5 36. Kg3 Kf6 37. Rf3+ Kg6 38. Re3 Rxe3+ 39. Nxe3 Kf6
40. Ng4+ Kf5 41. Nxh6+ Ke4 42. Kg4 Kd4 43. Kxg5 e5 44. Nf5+ Kc5 45. h4 Kb4 46.
h5 Kxb3 47. h6 Kxa4 48. h7 Kb3 49. h8=Q a5 50. Qxe5 a4 51. Qb5+ Ka2 52. Qxa4+
1-0

[Event "Washington Open"]
[Site "Chess.com"]
[Date "2020.05.23"]
[Round "?"]
[White "Murray, David E"]
[Black "Li, Edward"]
[Result "1-0"]
[WhiteElo "1924"]
[BlackElo "1595"]
[PlyCount "55"]
[EventDate "2020.??.??"]

1. d4 d5 2. Bf4 Nf6 3. e3 e6 4. Nd2 Nbd7 5. Bd3 Be7 6. h3 b6 7. Ngf3 Bb7 8. O-O
O-O 9. c3 c5 10. Ne5 Nxe5 11. Bxe5 Nd7 12. Bh2 Bf6 13. f4 Re8 14. Nf3 c4 15.
Bc2 b5 16. Ne5 a5 17. Bxh7+ Kf8 18. Bc2 Nxe5 19. dxe5 Be7 20. f5 Qb6 21. fxe6
Qxe6 22. Qh5 Bc5 23. Bg6 Bxe3+ 24. Kh1 f6 25. exf6 gxf6 26. Qh8+ Ke7 27. Qg7+
Kd8 28. Qc7# 1-0

[Event "Washington Open"]
[Site "Chess.com"]
[Date "2020.05.23"]
[Round "?"]
[White "Li, Edward"]
[Black "Semenov, Fedya"]
[Result "0-1"]
[WhiteElo "1595"]
[BlackElo "1803"]
[PlyCount "138"]
[EventDate "2020.??.??"]

1. e4 e6 2. d4 d5 3. Nc3 Bb4 4. exd5 exd5 5. Nf3 Bf5 6. Bd3 Ne7 7. O-O O-O 8.
Bg5 f6 9. Bf4 c6 10. Re1 Bd6 11. Bxd6 Qxd6 12. Qe2 Bxd3 13. Qxd3 Ng6 14. Re3
Na6 15. a3 Rae8 16. Rae1 Qd7 17. Rxe8 Rxe8 18. Rxe8+ Qxe8 19. Qe3 Qd7 20. Kf1
Nc7 21. Ne2 Ne6 22. Ke1 Kf7 23. Kd2 Qc7 24. g3 Ne7 25. Qb3 c5 26. c4 cxd4 27.
cxd5 Nc5 28. Qa2 Ne4+ 29. Ke1 Qd6 30. Nfxd4 Qxd5 31. Qxd5+ Nxd5 32. f3 Nd6 33.
b3 Nc7 34. Nc3 Ne6 35. Ndb5 Nxb5 36. Nxb5 Ke7 37. Nxa7 Nd4 38. Kf2 Nxb3 39. Ke3
Kd6 40. Kd3 Kc5 41. f4 Nd4 42. g4 Nb5 43. Nxb5 Kxb5 44. Kc3 Ka4 45. Kb2 b5 46.
h4 h6 47. g5 b4 48. axb4 Kxb4 49. gxh6 gxh6 50. Kc2 Kc4 51. Kd2 Kd4 52. Ke2 Ke4
53. f5 Kxf5 54. Kf3 h5 55. Kg3 Ke4 56. Kh3 Kf3 57. Kh2 Kg4 58. Kg2 Kxh4 59. Kf3
Kg5 60. Kg3 f5 61. Kf3 h4 62. Ke3 Kg4 63. Kf2 Kf4 64. Kg2 Ke3 65. Kg1 Ke2 66.
Kg2 f4 67. Kg1 f3 68. Kh1 f2 69. Kh2 h3 0-1

[Event "Washington Open"]
[Site "Chess.com"]
[Date "2020.05.24"]
[Round "?"]
[White "Wang, Felicity"]
[Black "Li, Edward"]
[Result "1-0"]
[WhiteElo "1667"]
[BlackElo "1595"]
[PlyCount "73"]
[EventDate "2020.??.??"]

1. e4 e5 2. Nf3 Nc6 3. Bb5 a6 4. Ba4 d6 5. c4 Bd7 6. d4 exd4 7. Nxd4 Nxd4 8.
Bxd7+ Qxd7 9. Qxd4 Nf6 10. Nc3 Be7 11. O-O O-O 12. b3 Rfe8 13. Bb2 c6 14. Rad1
Rad8 15. Rd3 Ng4 16. Rg3 Bf6 17. Qd1 Ne5 18. f4 Ng6 19. Qf3 b5 20. Rh3 bxc4 21.
bxc4 Qc7 22. Kh1 Qb7 23. Ba3 Bxc3 24. Qxc3 Rxe4 25. f5 Ne5 26. f6 Rxc4 27. Qa5
Rc8 28. Bxd6 Ng4 29. Qf5 Nh6 30. Qd3 Rg4 31. Bf4 Qb2 32. Qf3 Rg6 33. Bxh6 gxh6
34. Rg3 Qxa2 35. Rxg6+ fxg6 36. f7+ Kf8 37. Qf6 1-0

[Event "Washington Open"]
[Site "Chess.com"]
[Date "2020.05.24"]
[Round "?"]
[White "Heath, Derek"]
[Black "Li, Edward"]
[Result "1-0"]
[WhiteElo "1677"]
[BlackElo "1595"]
[PlyCount "42"]
[EventDate "2020.??.??"]

1. d4 d5 2. Bf4 Nf6 3. e3 e6 4. Nf3 Nbd7 5. Bd3 Be7 6. Ne5 O-O 7. c3 c5 8. Nd2
Re8 9. O-O Nxe5 10. dxe5 Nd7 11. e4 Qc7 12. exd5 exd5 13. Qf3 Nxe5 14. Qh5 Bd6
15. Qxh7+ Kf8 16. Qh8+ Ke7 17. Bg5+ f6 18. Qxg7+ Ke6 19. Bf5+ Kxf5 20. Qxf6+
Kg4 21. h3+ Kh5 1-0

[Event "Washington Open"]
[Site "Chess.com"]
[Date "2020.05.25"]
[Round "?"]
[White "Li, Edward"]
[Black "Tembhare, Santoshkumar"]
[Result "1/2-1/2"]
[WhiteElo "1595"]
[BlackElo "1684"]
[PlyCount "108"]
[EventDate "2020.??.??"]

1. e4 c5 2. Nf3 Nc6 3. d4 cxd4 4. Nxd4 Nxd4 5. Qxd4 e6 6. Nc3 a6 7. a3 h6 8.
Bc4 b5 9. Bb3 Bb7 10. Bf4 Nf6 11. Rd1 Be7 12. O-O Bc6 13. Rfe1 Nh5 14. Bd6 O-O
15. Qc5 Bxd6 16. Rxd6 Qh4 17. Re3 Nf6 18. f3 Rac8 19. Qb6 Qf4 20. Rd1 Rb8 21.
Qd4 Qg5 22. e5 Nh5 23. Ne4 Qg6 24. Nc5 a5 25. Qd3 Qg5 26. Qd2 a4 27. Ba2 Nf4
28. Nd3 Nxg2 29. f4 Nxf4+ 30. Rg3 Nh3+ 31. Kf1 Qf5+ 32. Ke1 Qe4+ 33. Qe2 Qxe2+
34. Kxe2 Ng5 35. Rdg1 g6 36. Nf4 Rbc8 37. h4 Ne4 38. Rg4 Ba8 39. c3 Kh7 40. Ke3
h5 41. R4g2 Rfd8 42. Nxh5 gxh5 43. Bb1 Rg8 44. Rxg8 Rxg8 45. Rxg8 Kxg8 46. Bxe4
Bxe4 47. Kxe4 f5+ 48. Kf4 Kg7 49. Kg5 f4 50. Kxf4 Kg6 51. Ke4 Kh6 52. Kf4 Kg6
53. Ke4 Kf7 54. Kf4 Kg6 1/2-1/2

[Event "Washington Open"]
[Site "Chess.com"]
[Date "2020.05.23"]
[Round "?"]
[White "Jammalamadaka, Varnika"]
[Black "Ackerman, Ryan"]
[Result "1-0"]
[WhiteElo "1537"]
[BlackElo "1922"]
[PlyCount "83"]
[EventDate "2020.??.??"]

1. d4 d5 2. c4 c6 3. Nf3 Nf6 4. Nc3 e6 5. Bg5 dxc4 6. a4 Bb4 7. e4 Bxc3+ 8.
bxc3 Qa5 9. e5 Ne4 10. Bd2 Nxd2 11. Qxd2 b5 12. Be2 Nd7 13. O-O bxa4 14. Bxc4
Ba6 15. Bxa6 Qxa6 16. Qc2 Nb6 17. Ng5 Qc4 18. Nxh7 Rd8 19. Rfb1 Nd5 20. Rxa4
Qxc3 21. Qe4 Qd2 22. Rxa7 Qh6 23. Qf3 f5 24. exf6 gxf6 25. Qe4 f5 26. Qe5 Rxh7
27. Rxh7 Qxh7 28. Qxe6+ Ne7 29. Qe5 Kf8 30. Qf6+ Kg8 31. Re1 Re8 32. Re3 Qf7
33. Rg3+ Ng6 34. Rxg6+ Kf8 35. Qd6+ Re7 36. Rf6 Kg8 37. h3 Re1+ 38. Kh2 Qe8 39.
Qg3+ Kh7 40. Qh4+ Kg7 41. Qg5+ Kh7 42. Rh6# 1-0

[Event "Washington Open"]
[Site "Chess.com"]
[Date "2020.05.23"]
[Round "?"]
[White "Nathan, Jacob"]
[Black "Jammalamadaka, Varnika"]
[Result "1-0"]
[WhiteElo "1984"]
[BlackElo "1537"]
[PlyCount "75"]
[EventDate "2020.??.??"]

1. e4 c5 2. Nf3 Nc6 3. d4 cxd4 4. Nxd4 Nf6 5. Nc3 e5 6. Ndb5 d6 7. Nd5 Nxd5 8.
exd5 Nb8 9. a4 a6 10. Na3 Be7 11. Be2 O-O 12. O-O Bg5 13. Bxg5 Qxg5 14. Nc4 Bh3
15. Bf3 Qg6 16. Re1 Bf5 17. c3 e4 18. Bh5 Qf6 19. Bg4 Bg6 20. Nb6 Ra7 21. a5
Rd8 22. Nc8 Ra8 23. Nb6 Ra7 24. Rc1 Qe5 25. b4 f5 26. Bh5 Bxh5 27. Qxh5 Nd7 28.
Nxd7 Rxd7 29. f4 g6 30. fxe5 gxh5 31. e6 Re7 32. Rf1 Kg7 33. Rxf5 Kg6 34. Rf4
Kg5 35. Rxe4 Kf5 36. Re3 Ra8 37. Rf1+ Kg5 38. Rg3+ 1-0